De cuerpo entero : (Registro nro. 6840)
[ vista simple ]
| 000 -LEADER | |
|---|---|
| fixed length control field | 01076nam a22002537a 4500 |
| 003 - CONTROL NUMBER IDENTIFIER | |
| control field | OSt |
| 005 - DATE AND TIME OF LATEST TRANSACTION | |
| control field | 20200911143754.0 |
| 008 - FIXED-LENGTH DATA ELEMENTS--GENERAL INFORMATION | |
| fixed length control field | 200911b2000 ck ac||gr|||| 00| 0 spa d |
| 040 ## - CATALOGING SOURCE | |
| Original cataloging agency | CO-JMCR |
| Transcribing agency | CO-JMCR |
| 041 0# - LANGUAGE CODE | |
| Language code of text/sound track or separate title | spa |
| 082 04 - DEWEY DECIMAL CLASSIFICATION NUMBER | |
| Edition number | 23 |
| Classification number | 352.0986126 / |
| Item number | S761c |
| 100 1# - MAIN ENTRY--PERSONAL NAME | |
| Personal name | Spitaletta H., Reinaldo, |
| Relator term | autor |
| 9 (RLIN) | 10184 |
| 245 13 - TITLE STATEMENT | |
| Title | De cuerpo entero : |
| Remainder of title | anécdotas edilicias de siglo / |
| Statement of responsibility, etc. | Reinaldo Spitaletta H., Ana Pastricia Barrientos G., fotografías, Fernando Loaiza |
| 260 ## - PUBLICATION, DISTRIBUTION, ETC. | |
| Place of publication, distribution, etc. | Medellín (Colombia) : |
| Name of publisher, distributor, etc. | Concejo de Medellín, |
| Date of publication, distribution, etc. | 2000. |
| 300 ## - PHYSICAL DESCRIPTION | |
| Extent | 143 páginas : |
| Other physical details | ilustraciones, retratos a color ; |
| Dimensions | 23 cm. |
| 500 ## - GENERAL NOTE | |
| General note | datos biográficos páginas 125-143. |
| 505 0# - FORMATTED CONTENTS NOTE | |
| Formatted contents note | Década de los 60. -- Década de los 70. -- Década de los 80. -- Década de los 90. |
| 650 24 - SUBJECT ADDED ENTRY--TOPICAL TERM | |
| Topical term or geographic name entry element | Concejo de Medellín |
| General subdivision | Historia |
| 9 (RLIN) | 10185 |
| 650 24 - SUBJECT ADDED ENTRY--TOPICAL TERM | |
| Topical term or geographic name entry element | Concejos municipales |
| Geographic subdivision | Medellín (Colombia) |
| 9 (RLIN) | 10186 |
| 650 24 - SUBJECT ADDED ENTRY--TOPICAL TERM | |
| Topical term or geographic name entry element | Administración pública |
| Geographic subdivision | Medellín |
| 9 (RLIN) | 10187 |
| 700 1# - ADDED ENTRY--PERSONAL NAME | |
| Personal name | Barrientos G., Ana Patricia, |
| Relator term | autra |
| 9 (RLIN) | 10188 |
| 700 1# - ADDED ENTRY--PERSONAL NAME | |
| Personal name | Loaiza, fernando, |
| Relator term | fotógrafo |
| 9 (RLIN) | 10189 |
| 942 ## - ADDED ENTRY ELEMENTS (KOHA) | |
| Source of classification or shelving scheme | Dewey Decimal Classification |
| Koha item type | Books |
| Withdrawn status | Lost status | Source of classification or shelving scheme | Damaged status | Not for loan | Home library | Current library | Shelving location | Date acquired | Source of acquisition | Total Checkouts | Full call number | Barcode | Date last seen | Copy number | Price effective from | Koha item type |
|---|---|---|---|---|---|---|---|---|---|---|---|---|---|---|---|---|
| Dewey Decimal Classification | Biblioteca Pública José María del Castillo y Rada | Biblioteca Pública José María del Castillo y Rada | General Stacks | 04/15/2018 | Donación | 352.0986126 / S761c | 201809805 | 05/16/2024 | Ej.1 | 04/15/2018 | Books |